Im duntelsten Bolivien
Gorde:
| Egile nagusia: | |
|---|---|
| Formatua: | Liburua |
| Hizkuntza: | alemana |
| Argitaratua: |
Stuttgart
Strecter und Schröder
1926
|
| Edizioa: | 1a. ed |
| Gaiak: | |
| Etiketak: |
Etiketa erantsi
Etiketarik gabe, Izan zaitez lehena erregistro honi etiketa jartzen!
|
MARC
| LEADER | 00000nam a2200000 a 4500 | ||
|---|---|---|---|
| 001 | UCJ3398 | ||
| 003 | CL-VaPUC | ||
| 008 | 070124e19260000GW |||||||||||||||||ger|d | ||
| 082 | 0 | 4 | |a 918.4 |b DIE |2 21 |
| 100 | 0 | |a Dienst, Rudolf |e author |9 505190 | |
| 245 | 1 | 0 | |a Im duntelsten Bolivien |
| 250 | |a 1a. ed | ||
| 300 | |a 204 p | ||
| 942 | |c BK | ||
| 945 | |d 20070124 00:00:00 |a rinostro | ||
| 260 | |a Stuttgart |b Strecter und Schröder |c 1926 | ||
| 500 | |a Mapa de Bolivia, plegado, al final | ||
| 600 | 0 | 7 | |a HERZOG, THEODOR |2 CL-VaPUC |9 505191 |
| 650 | 7 | |a GEOGRAFIA DE BOLIVIA |2 CL-VaPUC |9 447130 | |
| 650 | 0 | |a Recursos naturales |9 255232 | |
| 650 | 0 | |a Población |9 257577 | |
| 650 | 0 | |a Ilustraciones |9 369481 | |
| 650 | 0 | |a Mapas |9 260844 | |
| 651 | 0 | |a Bolivia |9 255454 | |
| 583 | |a last modification |c 20070124 00:00:00 |k Rodrigo Vera | ||
| 999 | |c 319520 |d 319518 | ||
| 952 | |0 0 |1 0 |4 0 |6 918_400000000000000_DIE_1926 |7 0 |8 X |9 397855 |a FDOBUD |b FDOBUD |d 2019-11-22 |i 1081357 |o 918.4 DIE 1926 |p 1081357 |r 2019-11-22 |w 2019-11-22 |y BK_X |k BUD | ||